| 000 | 00721nam a2200229 a 4500 | ||
|---|---|---|---|
| 001 | 17442 | ||
| 003 | BD-RjUL | ||
| 005 | 20211209000136.0 | ||
| 008 | 140217r1961ctu 000 0 eng d | ||
| 020 | _a083716432X | ||
| 035 | _a(BD-RjUL)17500 | ||
| 040 |
_aBD-RjUL _beng _cBD-RjUL _dBD-RjUL |
||
| 041 | _aeng | ||
| 082 |
_a813.52 _bSLQ 1961 |
||
| 100 | 1 |
_aSlatoff, Walter J. _q(Walter Jacob), _d1922- _953747 |
|
| 245 | 1 | 0 |
_aQuest for failure ; _ba study of William Faulkner / _cby Walter J. Slatoff |
| 260 |
_aWestport, Conn : _bGreenwood, _c1961. |
||
| 300 |
_ax, 275 p. : _c23 cm |
||
| 504 | _aBibliography p. 266-269 | ||
| 600 | 1 | 0 |
_aFaulkner, William, _d1897-1962 _xCriticism and interpretation. _952588 |
| 942 |
_2ddc _cBK |
||
| 999 |
_c17442 _d17442 |
||